| 000 | 00347nam a2200133Ia 4500 | ||
|---|---|---|---|
| 005 | 20260328101526.0 | ||
| 008 | 260328s9999||||xx |||||||||||||| ||und|| | ||
| 100 | _aForero, Laureano | ||
| 245 | 0 |
_aLaureano Forero : _b 50 AƱos de Arquitectura / _cLaureano Forero |
|
| 260 | _bPanamericana | ||
| 300 | _a371 p. | ||
| 650 | _aARQUITECTOS | ||
| 942 | _cBK | ||
| 999 |
_c9778 _d9778 |
||